| 000 | 00564 a2200157 4500 | ||
|---|---|---|---|
| 020 | _a0672324199 | ||
| 040 |
_aLibrary of Congress _bEnglish |
||
| 100 | 1 | _aWalnum, Clayton. | |
| 245 | 1 | 0 |
_aSAMS teach yourself game programming with DirectX in 21 days _cClayton Walnum. |
| 246 | 3 | 0 | _aTeach yourself game programming with DirectX in 21 days |
| 260 |
_aIndianapolis, Ind. : _bSams Pub., _c2003. |
||
| 300 |
_axvii, 701 p. : _bill. ; _c23 cm. + _e1 CD-ROM (4 3/4 in.) |
||
| 500 | _aIncludes index. | ||
| 650 | 0 |
_aComputer games _xProgramming. |
|
| 942 |
_cBK _k006.768 WAL _2ddc |
||
| 999 |
_c4405 _d4405 |
||